000 00240nam a2200097Ia 4500
001 805351
005 20250826171151.0
008 250824s9999 xx 000 0 und d
245 0 _aAFORİZMALAR
_cHİPPOKRATES
260 _bİŞ BANKASI YAYINLARI
999 _c805351
_d805351